ՀՀ Գիտությունների ազգային ակադեմիայի հիմնարար գիտական գրադարան  =   Fundamental Scientific Library of NAS RA

Նվիրատվություններ Անիի եկեղեցիներին ու վանքերին (X-XIVդդ) / (Record no. 75963)

MARC details
000 -LEADER
fixed length control field 00812nam a2200205 a 4500
001 - CONTROL NUMBER
control field 000216730
003 - CONTROL NUMBER IDENTIFIER
control field AM-YEHGA
005 - DATE AND TIME OF LATEST TRANSACTION
control field 20250618071501.0
008 - FIXED-LENGTH DATA ELEMENTS--GENERAL INFORMATION
fixed length control field 030408s2002 ai r 000 0 arm d
020 ## - INTERNATIONAL STANDARD BOOK NUMBER
International Standard Book Number 999307506X
040 ## - CATALOGING SOURCE
Original cataloging agency AM-YeHGA
090 ## - LOCALLY ASSIGNED LC-TYPE CALL NUMBER (OCLC); LOCAL CALL NUMBER (RLIN)
Classification number (OCLC) (R) ; Classification number, CALL (RLIN) (NR) Գ-888
090 ## - LOCALLY ASSIGNED LC-TYPE CALL NUMBER (OCLC); LOCAL CALL NUMBER (RLIN)
-- 77196
100 1# - MAIN ENTRY--PERSONAL NAME
Personal name Գրիգորյան, Գնել Ստեփանի,
Dates associated with a name 1925-2008
9 (RLIN) 3921
245 10 - TITLE STATEMENT
Title Նվիրատվություններ Անիի եկեղեցիներին ու վանքերին (X-XIVդդ) /
Statement of responsibility, etc. Գնել Գրիգորյան.
260 ## - PUBLICATION, DISTRIBUTION, ETC.
Place of publication, distribution, etc. Էջմիածին :
Name of publisher, distributor, etc. Մայր Աթոռ Սուրբ Էջմիածին,
Date of publication, distribution, etc. 2002.
300 ## - PHYSICAL DESCRIPTION
Extent 136 էջ :
Other physical details նկ. ;
Dimensions 20 սմ.
440 #0 - SERIES STATEMENT/ADDED ENTRY--TITLE
Title Մտնշ. «Հոգևոր գրադարան»
Number of part/section of a work ԼԵ
650 14 - SUBJECT ADDED ENTRY--TOPICAL TERM
Topical term or geographic name entry element Հայ ժողովրդի պատմություն
Geographic subdivision Անի
General subdivision եկեղեցիներ
Chronological subdivision X-XIVդդ
Holdings
Withdrawn status Lost status Damaged status Not for loan Collection Home library Current library Date acquired Total checkouts Full call number Barcode Date last seen Price effective from Koha item type Public note Copy number
        General Fundamental Scientific Library Fundamental Scientific Library 22/12/2016   AII/88215 220088215 22/12/2016 22/12/2016 Գրքեր / Books 30 Days Loan  
        General Fundamental Scientific Library Fundamental Scientific Library 22/12/2016   AII/88216 220088216 22/12/2016 22/12/2016 Գրքեր / Books 30 Days Loan  
        General Fundamental Scientific Library Fundamental Scientific Library 22/12/2016   AII/88216 FL0183487 22/12/2016 22/12/2016 Գրքեր / Books 30 Days Loan 947.925
        General Fundamental Scientific Library Fundamental Scientific Library 22/12/2016   AII/88217 220088217 22/12/2016 22/12/2016 Գրքեր / Books 30 Days Loan  
        General Fundamental Scientific Library Fundamental Scientific Library 28/12/2021   AII/108170 FL0668361 28/12/2021 28/12/2021 Գրքեր / Books 30 Days Loan  


ՀՀ ԳԱԱ հիմնարար գիտական գրադարան
ՀՀ,Երևան 0019
Մարշալ Բաղրամյան 24/6
հեռախոս:(374-10) 52-47-50
Հետադարձ կապ

All site content, except where otherwise noted, is licensed under a
Creative Commons License